| 000 | 01017 a2200193 4500 | ||
|---|---|---|---|
| 003 | Nust | ||
| 005 | 20230125120019.0 | ||
| 020 | _a094667521X | ||
| 040 | _cNust | ||
| 082 | _a428,LAM | ||
| 100 |
_aLambert, Sue _9107627 |
||
| 245 |
_aWhat to say (Include CD) / _cLambert, Sue |
||
| 260 |
_aLondon _bBBC English _c1987 |
||
| 300 | _avii, 119 | ||
| 505 | _aAt the Airport (Page-1), Arriving at the hotel (Page-7), Having A meal in Restaurant (Page-13), Getting about (Page-20), Asking the way (Page-28), Buying the guide book s (Page-37), At the post office (Page-43), At the doctors (Page-48), At a chemists (Page-54), Making a telephone call (Page-60), Travelling by Train (Page-68), Meting a People (Page-72), What to do if u lose Something (Page-77), Hiring a Car (Page-82), At the thereat (Page-88), Shopping for Clothes (Page-93), At the hairdressers (Page-99), Buying presents,105.Going home (Page-113). | ||
| 650 | _aEnglish language | ||
| 651 |
_a(Include CD) _98953 |
||
| 942 |
_2ddc _cBK _k428,LAM |
||
| 999 |
_c175666 _d175666 |
||